| 000 | 00625cam a2200193 a 4500 | ||
|---|---|---|---|
| 001 | 000010655 | ||
| 005 | 20200929162250.0 | ||
| 008 | 820930s1958 ck 001 0 spa | ||
| 040 |
_aDO-SdBNP _bspa _cBNPHU |
||
| 082 |
_axxx _bU76c |
||
| 100 | 1 |
_aUribe, Joaquín Antonio, _d1858-1935. _925803 |
|
| 245 | 1 | 0 |
_aCuadros de la naturaleza / _cJoaquín Antonio Uribe. |
| 260 |
_aMedellín, (Colombia) : _bDepartamental, _c1958. |
||
| 300 |
_a334 p. ; _c22 cm. |
||
| 490 | 1 |
_aAutores Antioqueños _v1 |
|
| 500 | _aIncluye noatas al pie de páginas | ||
| 650 | 0 |
_aNatural history. _925804 |
|
| 830 | 0 |
_aAutores antioqueños ; _v1 _925805 |
|
| 999 |
_c10410 _d10410 |
||